Sr. Dr. Pedro J. Berrio (Registro nro. 323385)

Detalles MARC
001 - NÚMERO DE CONTROL
campo de control 874749
005 - FECHA Y HORA DE LA ÚLTIMA TRANSACCIÓN
campo de control 20260506152800.0
007 - CAMPO FIJO DE DESCRIPCIÓN FÍSICA--INFORMACIÓN GENERAL
campo de control de longitud fija td
008 - DATOS DE LONGITUD FIJA--INFORMACIÓN GENERAL
campo de control de longitud fija 040525uuuuuuuuu spa
035 ## - NÚMERO DE CONTROL DEL SISTEMA
Número de control de sistema 874749
040 ## - FUENTE DE LA CATALOGACIÓN
Centro/agencia transcriptor comduadb
041 ## - CÓDIGO DE LENGUA
Código de lengua del texto/banda sonora o título independiente spa
080 ## - NÚMERO DE LA CLASIFICACIÓN DECIMAL UNIVERSAL
Número de la Clasificación Decimal Universal HS
100 10 - ENTRADA PRINCIPAL--NOMBRE DE PERSONA
Nombre de persona Uribe, Mariano
Código de función aut
Término indicativo de función/relación Autor/a
245 10 - MENCIÓN DE TÍTULO
Título Sr. Dr. Pedro J. Berrio
260 ## - PUBLICACIÓN, DISTRIBUCIÓN, ETC.
Lugar de publicación, distribución, etc. Medellín :
Nombre del editor, distribuidor, etc. Imprenta de Gutierrez Hermanos,
Fecha de publicación, distribución, etc. 1873.
520 3# - SUMARIO, ETC.
Sumario, etc. Los firmantes del Estado Soberano de Antioquia, que residen en el Distrito de Medellin, agradecen al Doctor Pedro Justo Berrio, el haber proporcionado al Estado, durante su mandato; libertad, paz progreso y un buen manejo de los caudales publicos.
610 14 - PUNTO DE ACCESO ADICIONAL DE MATERIA--NOMBRE DE ENTIDAD CORPORATIVA
Nombre de entidad corporativa o nombre de jurisdicción como elemento de entrada Antioquia (Colombia).
Unidad subordinada Gobernación
9 (RLIN) 859818
650 ## - PUNTO DE ACCESO ADICIONAL DE MATERIA--TÉRMINO DE MATERIA
Término de materia o nombre geográfico como elemento de entrada Berrio, Pedro Justo
651 #7 - PUNTO DE ACCESO ADICIONAL DE MATERIA--NOMBRE GEOGRÁFICO
Nombre geográfico Colombia
Subdivisión general Administración pública
Fuente del encabezamiento o término lemb
9 (RLIN) 854369
700 10 - ENTRADA AGREGADA--NOMBRE PERSONAL
Nombre de persona Mondragon, Higinio
Código de función aut
Término indicativo de función/relación Autor/a
9 (RLIN) 360074
700 10 - ENTRADA AGREGADA--NOMBRE PERSONAL
Nombre de persona Botero Arango, Jose Maria
Código de función aut
Término indicativo de función/relación Autor/a
9 (RLIN) 519152
700 10 - ENTRADA AGREGADA--NOMBRE PERSONAL
Nombre de persona Restrepo, Marcelino
Código de función aut
Término indicativo de función/relación Autor/a
9 (RLIN) 517465
700 10 - ENTRADA AGREGADA--NOMBRE PERSONAL
Nombre de persona Restrepo, Vicente
Fechas asociadas al nombre 1837-1899
Código de función aut
Número de control del registro de autoridad o número normalizado (isni)0000 0000 6141 9922
-- (viaf)38552989
Término indicativo de función/relación Autor/a
9 (RLIN) 472664
942 ## - ELEMENTOS DE ENTRADA AGREGADA (KOHA)
Tipo de ítem Koha Libros
Existencias
Estado de retiro Estado de pérdida Estado dañado No para préstamo Código de colección Localización permanente Ubicación/localización actual Fecha de adquisición Número de inventario Total de préstamos Signatura topográfica completa Fecha visto por última vez Número de copia Precio válido a partir de Tipo de ítem Koha
        Colección de Periódicos - Piso 4 Biblioteca Carlos Gaviria Díaz, Campus Medellín Biblioteca Carlos Gaviria Díaz, Campus Medellín 25/05/2004 C827173   HS6 D322 F329 25/04/2023 1 25/04/2023 Recorte de Prensa - Periódico